000 00485nam a2200181Ia 4500
001 2380
008 220629s1810 ii a g b000 u 465 u
082 _a821
100 _aJohnson, Samuel .
245 0 _aThe works of the English Poets /
_cSamuel Johnson.
_hTextual Documents
260 _aLondon :
_bJ. Jonson ,
_c1810.
300 _a628p. :
_bill ;
_c22cm. .
653 _aEnglish poetry
653 _aG-English
653 _aT/G- English
653 _aT/G-English
942 _2ddc
_cBK
999 _c2373
_d2373